<?xml version="1.0" encoding="UTF-8"?>
<marc:record xmlns:marc="http://www.loc.gov/MARC21/slim">
   <marc:leader>00000nam a2200000 a 4500</marc:leader>
   <marc:datafield ind1="0" ind2="0" tag="245">
      <marc:subfield code="a">Der Nächste bitte!</marc:subfield>
   </marc:datafield>
   <marc:datafield ind1="0" ind2="0" tag="245">
      <marc:subfield code="b">ab 4 Jahren</marc:subfield>
   </marc:datafield>
   <marc:datafield ind1=" " ind2="1" tag="264">
      <marc:subfield code="b">Lappan</marc:subfield>
      <marc:subfield code="c">2015</marc:subfield>
   </marc:datafield>
   <marc:datafield ind1="1" ind2=" " tag="520">
      <marc:subfield code="a">"Der Doktor schaut ins Wartezimmer herein. Wie viele Tiere werden es heute wohl sein? Im weißen Kittel steht er in der Mitte und ruft ganz laut: éDer Nächste, bitte!'" Im Wartezimmer warten 10 Besucher mit jeweils einem kranken Tier auf die Hilfe des Tierarztes. So ist das Hasenohr geknickt, der Goldfisch krank, der Igel leidet unter Stachelausfall und die Katze hat sich ihre Katzentatze verletzt. Hier ein Verband, da ein paar Tropfen, dort ein Gips, aber auch tröstende Worte findet der Doktor. 10, 9, 8, 7 à langsam leert sich das Wartezimmer in der Tierarztpraxis. Doch was passiert, wenn der Arzt plötzlich selbst krank wird? Wenn Erfahrungen des Krankseins, Beobachtungen im Wartezimmer oder Einblicke in den Untersuchungsraum auf diese Weise gesammelt werden können, lassen sich Eindrücke aus größerer Distanz betrachten. Sei es nun die Behandlung des Arztes an den Tieren oder der Umgang mit dem erkrankten Arzt selbst - liebevolle Zuwendung tut schließlich allen gut! Vor allem ergeben sich daraus Gelegenheiten, eigene Erlebnisse mitzuteilen. Ein Buch in gereimter Sprache mit humorvollen Illustrationen von Dominik Rupp, die immer wieder dazu verleiten, noch einmal zurückzublättern, um ja nichts zu verpassen.</marc:subfield>
   </marc:datafield>
   <marc:datafield ind1=" " ind2=" " tag="020">
      <marc:subfield code="a">9783830312246</marc:subfield>
      <marc:subfield code="9">9783830312246</marc:subfield>
   </marc:datafield>
</marc:record>
